| 000 | 00437nam a22001337a 4500 | ||
|---|---|---|---|
| 008 | 150226b xxu||||| |||| 00| 0 eng d | ||
| 020 | _a9781610170611 | ||
| 050 | _aBT1170.S645 2012 | ||
| 100 |
_aSpencer, Robert _915587 |
||
| 245 |
_aDid Muhammad exist?: _ban enquiry into Islam's obscure origins _c/Robert Spencer |
||
| 260 |
_aDelaware, United states _bISI Books _c2012 |
||
| 300 |
_axvii, 254p. ; _c24cm. |
||
| 942 |
_2lcc _cMONOGRAPH _01 |
||
| 999 |
_c122216 _d122216 |
||